Lengua 8 / (Registro nro. 9910)

Detalles MARC
000 -LIDER
fixed length control field 01501nam a2200349 a 4500
001 - NÚMERO DE CONTROL
Identificador de número de control 0000329
003 - IDENTIFICACDOR DE NÚMERO DE CONTROL
control field DO-SdBNP
005 - DATE AND TIME OF LATEST TRANSACTION
control field 20180315103317.0
007 - CAMPOS FIJOS DE DESCRIPCIÓN FÍSICA
fixed length control field 0000329
008 - ELEMENTOS DE LONGITUD FIJA
fixed length control field 150817s2005 000 spa d
020 ## - ISBN
International Standard Book Number 9993472751
040 ## - FUENTE DE CATALOGACIÓN
Agencia que crea de manera original el registro BPMSU
Idioma de catalogación spa
Agencia que realiza la transcripción BPMSU
092 ## - LOCALLY ASSIGNED DEWEY DECIMAL CALL NUMBER
Número de clasificación 372.61
Número de ítem (Cutter) R696l, 8v. 2005
100 ## - ASIENTO PRINCIPAL -- NOMBRE PERSONAL
Nombre personal Rodríguez Jordana, María C.
245 10 - MENCIÓN DE TITULO
Título Lengua 8 /
Subtítulo [educación básica]
Mención de responsabilidad María C. Rodríguez Jordana, A. Fernández Buñuel
260 ## - PUBLICACIÓN, DISTRIBUCIÓN, ETC. (PIE DE IMPRENTA)
Lugar de publicación, distribución, etc Santo Domingo :
Nombre del editor, distribuidor, etc. Vicens Vives
Fecha de publicación, distribución, etc 2005.
300 ## - DESCRIPCIÓN FÍSICA
Extensión 231p.
Otros detalles físicos il. retrs.
Dimensiones 27 cm.
490 1# - MENCIÓN DE SERIES
Mención de serie Delfín
505 1# - NOTA DE CONTENIDO
Título Ingenio, esfuerzo y trabajo --
-- Entorno, ecología y turismo --
-- Te conozco por tus respuestas --
-- Hechos y creencias --
-- Del romance a la décima --
-- Te ordeno y mando --
-- Fantasía del viento del Caribe --
-- De nuestra música --
-- Cuentos, cuentistas y cuentística --
-- Leyendo a nuestros poetas --
-- Transporte de ayer y de hoy --
-- Cartas de ayer, cartas de hoy --
-- Glosario --
-- Índice didáctico - conceptual --
650 ## - ENCABEZAMIENTO DE MATERIA--TEMÁTICO
Término temático o nombre geográfico como elemento de entrada GRAMÁTICA
Subdivisión temática general ENSEÑANZA BÁSICA
650 ## - ENCABEZAMIENTO DE MATERIA--TEMÁTICO
Término temático o nombre geográfico como elemento de entrada GRAMÁTICA
Subdivisión temática general EDUCACIÓN PRIMARIA
650 ## - ENCABEZAMIENTO DE MATERIA--TEMÁTICO
Término temático o nombre geográfico como elemento de entrada EDUCACIÓN PRIMARIA
Subdivisión geográfica REPÚBLICA DOMINICANA
650 ## - ENCABEZAMIENTO DE MATERIA--TEMÁTICO
Término temático o nombre geográfico como elemento de entrada GRAMÁTICA
Subdivisión temática general LIBROS DE TEXTO
650 ## - ENCABEZAMIENTO DE MATERIA--TEMÁTICO
Término temático o nombre geográfico como elemento de entrada GRAMÁTICA
Subdivisión temática general ESTUDIOS Y EJERCICIOS
700 1# - ASIENTO SECUNDARIO -- NOMBRE PERSONAL
Nombre personal Fernández Buñuel, A.
700 1# - ASIENTO SECUNDARIO -- NOMBRE PERSONAL
Nombre personal Rodríguez Jordana, María C.
830 #0 - ASIENTO SECUNDARIO DE SERIE--TÍTULO UNIFORME
Nombre de la parte o sección de una obra Delfín
910 ## - VALIDACIÓN
Validación 00144
942 ## - ADDED ENTRY ELEMENTS (KOHA)
Source of classification or shelving scheme Dewey Decimal Classification
Koha item type Libros
945 ## - INFORMACIÓN DE PROCESAMIENTO LOCAL
Información de procesamiento local Remanejado para la BNPHU / 2018 VM
956 ## - LOCAL ELECTRONIC LOCATION AND ACCESS (OCLC)
Nombre de host Yngrid Lockward
Número de acceso 10
Existencias
Withdrawn status Lost status Source of classification or shelving scheme Damaged status Not for loan Collection code Home library Current library Date acquired Source of acquisition Total Checkouts Barcode Date last seen Price effective from Koha item type
    Dewey Decimal Classification     Colección Dominicana Biblioteca Pública Metropolitana Salomé Ureña Biblioteca Pública Metropolitana Salomé Ureña 04/25/2016 fundi   BPMSU16040667 04/25/2016 04/25/2016 Libros